000 00527nam a2200181Ia 4500
999 _c22445
_d22445
003 OSt
005 20200214155114.0
008 190216s9999||||xx |||||||||||||| ||und||
020 _a8172043848
040 _coclc
082 _a297
_bMOU/I
100 _aMoulavi, K C Abdulla
_91854
245 0 _aIbadath Oru Samagrapadanam /
_cK C Abdulla Moulavi
260 _bIslamic Publishing House,
_c1997.
_aKozhikode:
300 _a336p
650 _aIslamic Culture
942 _cBK
_2ddc
_h297
_iMOU/I
_k297
_mMOU/I